• 首页
  • 本馆介绍
  • 公告通知
  • 最新文献
  • 馆藏检索
  • 电子资源
  • 读者导购
  • 参考咨询
  • 我的图书馆
  • 登录
  • 详细信息显示
  • 放入我的书架
  • 预约/预借图书
  • 作者相关作品
  • 分类相关作品
  • 丛书相关作品
  • 出版社相关作品

书目信息

  • 表格格式
  • 工作单格式
  • 卡片格式
题名:
健康美食
    
 
作者: 陈南军 编
分册:  
出版信息: 北京   中国轻工业出版社  1999
页数: 99页
开本: 21cm
丛书名:
单 册:
中图分类: TS262.6
科图分类:
主题词: 葡萄酒--酿造
电子资源:
ISBN: 7-5019-2655-7
000 00894nam0 2200277 45
001 0900000022755
005 20051009163134.54
010    @a7-5019-2655-7@dCNY15.00
092    @aCN
100    @a20050127d1999 ekmy0chiy0120 ea
101 0  @achi
102    @aCN@b110000
105    @aa z 000yy
200 1  @a健康美食@9jian kang mei shi@e红酒@f陈南军编@Fchen nan jun bian
210    @a北京@c中国轻工业出版社@d1999
215    @a99页@c图@d21cm
304    @a本书原名:健康美食特集辑——红酒篇
306    @a本书由台湾贺禧文化事业股份有限公司代理
330    @a本书主要包括:红酒对身体有益的理由,红酒惊人的功效,以红酒烹饪,红酒的基本知识,专为酒精敏感者而设计的红酒活用术五章内容。
517 1  @a红酒@9hong jiu
606 0  @a葡萄酒@x酿造
690    @aTS262.6@v4
701  0 @a陈南军@Achen nan jun@4编
801  0 @aCN@bTSSF@c20051009
905    @a10447@dTS262.6@e33
999    @aHSJ@eJDD
    
    健康美食:红酒/陈南军编.-北京:中国轻工业出版社,1999
    99页:图;21cm
    
    
    ISBN 7-5019-2655-7:CNY15.00
    本书主要包括:红酒对身体有益的理由,红酒惊人的功效,以红酒烹饪,红酒的基本知识,专为酒精敏感者而设计的红酒活用术五章内容。
●
相关链接 在E读中查询图书 在五车中查询图书 在当当中查询图书 在豆瓣中查询图书


正题名:健康美食     索取号:TS262.6/33         预约/预借

序号 登录号 条形码 馆藏地/架位号 状态 备注
1 0365104   3651042   第二样本阅览室/ [索取号:TS262.6/33] 在馆    
2 0365105   3651051   第三借阅区/ [索取号:TS262.6/33] 在馆    
3 0365106   3651060   第三借阅区/ [索取号:TS262.6/33] 在馆    
4 0365107   3651079   第三借阅区/ [索取号:TS262.6/33] 在馆    
5 0365108   3651088   第三借阅区/ [索取号:TS262.6/33] 在馆    
唐山师范学院图书馆 欢迎您!
大连网信软件有限公司© 版权所有